The middle of the world /

Bibliographic Details
Main Author: Norris, Kathleen, 1947-
Format: Book
Language:English
Published: Pittsburgh, Pa. : University of Pittsburgh Press, [1981]
Series:Pitt poetry series.

MARC

Tag First Indicator Second Indicator Subfields
LEADER 00000pam a2200000 a 4500
001 in00000077138
005 20151008060539.0
008 810727s1981 pau 00010 eng
010 |a  81040483  
020 |a 0822934515 
020 |a 082295334X (pbk.) 
035 |a (OCoLC)07737312 
035 |9 AAJ6003AM 
039 0 |a 2  |b 3  |c 3  |d 3  |e 3 
040 |a DLC  |c DLC  |d TXA  |d UtOrBLW 
049 |a TXAM  |c [951792] 
050 0 0 |a PS3564.O66  |b M5 1981 
082 0 |a 811/.54  |2 19 
100 1 |a Norris, Kathleen,  |d 1947- 
245 1 4 |a The middle of the world /  |c Kathleen Norris. 
264 1 |a Pittsburgh, Pa. :  |b University of Pittsburgh Press,  |c [1981] 
264 4 |c ©1981 
300 |a 80 pages ;  |c 21 cm. 
336 |a text  |b txt  |2 rdacontent 
337 |a unmediated  |b n  |2 rdamedia 
338 |a volume  |b nc  |2 rdacarrier 
490 1 |a Pitt poetry series 
830 0 |a Pitt poetry series. 
999 |a MARS 
999 f f |s 2f5c4547-b9c9-3694-82d4-c839e172dfb7  |i d87d060b-6060-3fba-8d66-2566311bedf9  |t 0 
952 f f |p ric  |a Texas A&M University  |b Rellis Campus  |c Joint Library Facility  |d Remote Storage  |t 0  |e PS3564.O66 M5 1981  |h Library of Congress classification  |i unmediated -- volume  |m A14806193060 
998 f f |a PS3564.O66 M5 1981  |t 0  |l Remote Storage